00501nam a2200193 a 4500001001300000003000900013005001700022008004100039020001200080082001500092100001600107245004600123260003700169300000800206500003500214505001700249650002500266700001600291nice12345678IN_TiNIC20260116011533.0050524s1965 lona grp 000 0 eng  ac176.400a231.7bPAC aPacker, J I aGod Has Spokenb Revelation and the Bible aLondonbHodder & Stoughtonc1965 a95p aincludes index and biblioraphy2 aBibliography aRevelation-Christian1 aPacker, J I